A. WESLEY POWELL LEARNING RESOURCE CENTRE (WPLRC)

Wonderful Place to Learn, Research & Collaborate

State and local politics : (Record no. 17742)

MARC details
000 -LEADER
fixed length control field 01019cam a2200289 i 4500
001 - ACCESSION NUMBER
control field 12276
003 - CONTROL NUMBER IDENTIFIER
control field OSt
005 - DATE AND TIME OF LATEST TRANSACTION
control field 20211117124701.0
008 - FIXED-LENGTH DATA ELEMENTS--GENERAL INFORMATION
fixed length control field 801119s1981 njua b 001 0 eng
020 ## - INTERNATIONAL STANDARD BOOK NUMBER
International Standard Book Number 0138435162 (pbk.)
040 ## - CATALOGING SOURCE
Original cataloging agency DLC
Transcribing agency DDC
Modifying agency DLC
043 ## - GEOGRAPHIC AREA CODE
Geographic area code n-us---
050 00 - LIBRARY OF CONGRESS CALL NUMBER
Classification number JK2408
Item number .B87 1981
082 00 - DEWEY DECIMAL CLASSIFICATION NUMBER
Classification number R/321.973 BUR
Edition number 19
100 1# - MAIN ENTRY--PERSONAL NAME
Personal name Burns, James MacGregor.
245 10 - TITLE STATEMENT
Title State and local politics :
Remainder of title government by the people /
Statement of responsibility, etc. James MacGregor Burns, J. W. Peltason, Thomas E. Cronin.
250 ## - EDITION STATEMENT
Edition statement 3d ed.
260 ## - PUBLICATION, DISTRIBUTION, ETC. (IMPRINT)
Place of publication, distribution, etc. Englewood Cliffs, N.J. :
Name of publisher, distributor, etc. Prentice-Hall,
Date of publication, distribution, etc. c1981.
300 ## - PHYSICAL DESCRIPTION
Extent xi, 287 p. :
Other physical details ill. ;
Dimensions 23 cm.
504 ## - BIBLIOGRAPHY, ETC. NOTE
Bibliography, etc Includes bibliographies and index.
650 #0 - SUBJECT ADDED ENTRY--TOPICAL TERM
Topical term or geographic name as entry element State governments.
650 #0 - SUBJECT ADDED ENTRY--TOPICAL TERM
Topical term or geographic name as entry element Local government
Geographic subdivision United States.
700 1# - ADDED ENTRY--PERSONAL NAME
Personal name Peltason, J. W.
Fuller form of name (Jack Walter),
Dates associated with a name 1923-2015,
Relator term joint author.
700 1# - ADDED ENTRY--PERSONAL NAME
Personal name Cronin, Thomas E.,
Relator term joint author.
906 ## - LOCAL DATA ELEMENT F, LDF (RLIN)
a 7
b cbc
c orignew
d u
e ocip
f 19
g y-gencatlg
942 ## - ADDED ENTRY ELEMENTS (KOHA)
Source of classification or shelving scheme Dewey Decimal Classification
Koha item type Books
Holdings
Withdrawn status Lost status Source of classification or shelving scheme Damaged status Not for loan Home library Current library Date acquired Total Checkouts Full call number Barcode Date last seen Price effective from Koha item type
    Dewey Decimal Classification   Not For Loan Wesley Powell Learning Resource Centre Wesley Powell Learning Resource Centre 11/17/2021   R/321.973 BUR 12276 11/17/2021 11/17/2021 Books